|
|
|
|
| LEADER |
00624nam a22001577a 4500 |
| 008 |
211217b |||||||| |||| 00| 0 eng d |
| 020 |
|
|
|a 9789332551794
|
| 082 |
|
|
|a 371.102
|
| 100 |
1 |
|
|9 69912
|a Joyce, Bruce R.
|
| 245 |
|
|
|a Models of teaching /
|c Bruce R. Joyce .
|
| 260 |
|
|
|a Noida :
|b Pearson ,
|c 2015.
|
| 300 |
|
|
|a 558p. ;
|c 24cm.
|
| 650 |
|
7 |
|2 fast
|9 968415
|a Educational innovations
|v Teaching--Education--Experimental methods
|x Lesson planning
|
| 942 |
|
|
|c BK
|
| 999 |
|
|
|c 364544
|d 364544
|
| 952 |
|
|
|0 0
|1 0
|2 ddc
|4 0
|6 371_102000000000000_JOY_M
|7 0
|9 424906
|a LLE
|b LLE
|c ST1
|d 2021-12-17
|i 2525
|l 0
|o 371.102 JOY/M
|p LLE2525
|r 2021-12-17
|w 2021-12-17
|y BK
|